| 000 | 00941cam a22002414a 4500 | ||
|---|---|---|---|
| 001 | 14162752 | ||
| 005 | 20250509140221.0 | ||
| 008 | 051031s2007 maua 000 0 eng | ||
| 020 | _a9780073023014 (alk. paper) | ||
| 020 | _a0073023019 (alk. paper) | ||
| 050 | 0 | 0 |
_aHF5415.153 _b.T485 2007 |
| 082 | 0 | 0 |
_a658.5 _222 |
| 100 | 1 | _aThomke, Stefan H. | |
| 245 | 1 | 0 |
_aManaging product and service department : _btext and cases / _cStefan Thomke. |
| 260 |
_aBoston, Mass. : _bMcGraw-Hill/Irwin, _cc2007. |
||
| 300 |
_avii, 592 p. : _bill. ; _c24 cm. |
||
| 500 | _aIncludes bibliographical references and index. | ||
| 650 | 0 |
_aNew products _xManagement _vCase studies. |
|
| 650 | 0 |
_aProduct management _vCase studies. |
|
| 856 | 4 | 2 |
_3Publisher description _uhttp://www.loc.gov/catdir/enhancements/fy0626/2005056173-d.html |
| 856 | 4 | 1 |
_3Table of contents only _uhttp://www.loc.gov/catdir/enhancements/fy0626/2005056173-t.html |
| 942 |
_2lcc _cBK _n0 |
||
| 999 |
_c5720 _d5720 |
||